000 01559nam a22003857a 4500
001 261
003 FISKH
005 20230907091845.0
008 230313b cb ||||| |||| 00| 0 eng d
020 _a9780545312561
040 _aDLC
_cDLC
_dDLC
_dFISKH
_beng
042 _alcac
050 0 0 _aPZ7.D5455
_bMi 2006
082 0 0 _a813.6
_222
100 1 _aDiCamillo, Kate.
245 1 4 _aThe miraculous journey of Edward Tulane /
_cKate DiCamillo ; illustrated by Bagram Ibatoulline.
250 _aFirst Scholastic Printing
260 _aNew York
_bScholastic
_c2010
300 _a210 p. :
_bill. (some col.) ;
_c20 cm.
505 _aM
520 _aEdward Tulane, a cold-hearted and proud toy rabbit, loves only himself until he is separated from the little girl who adores him and travels across the country, acquiring new owners and listening to their hopes, dreams, and histories.
521 8 _a700
_bLexile
521 8 _aM
_bRaz-Plus
650 1 _aToys
_vFiction.
650 1 _aRabbits
_vFiction.
650 1 _aLove
_vFiction.
650 1 _aListening
_vFiction.
650 1 _aAdventure and adventurers
_vFiction.
700 1 _aIbatoulline, Bagram,
_eill.
856 4 2 _3Contributor biographical information
_uhttp://www.loc.gov/catdir/enhancements/fy0633/2004056129-b.html
856 4 2 _3Publisher description
_uhttp://www.loc.gov/catdir/enhancements/fy0633/2004056129-d.html
856 4 1 _3Sample text
_uhttp://www.loc.gov/catdir/enhancements/fy0642/2004056129-s.html
906 _a7
_bcbc
_corignew
_d1
_eocip
_f20
_gy-gencatlg
942 _2ddc
_cBK
_n0
999 _c261
_d261